[Event "Deutsche Ländermeisterschaft 2025"]
[Site "Oer-Erkenschwick GER"]
[Date "2025.10.05"]
[Round "7"]
[White "Mkrtchyan, Nona"]
[Black "Chandrasekher, Ritu"]
[Result "1-0"]
[Termination "normal"]
[Board "9.6"]
[WhiteElo "1607"]
[BlackElo "1600"]
[WhiteClock "00:09:31"]
[BlackClock "00:13:12"]
[WhiteTeam "Hamburg 2"]
[BlackTeam "Mecklenburg-Vorpommern"]
[PlyCount "69"]
[WhiteFideId "34681841"]
[BlackFideId "34609024"]
[EventCountry "GER"]
[EventRounds "7"]
[EventType "team-swiss"]
[EventDate "2025.09.30"]

1. e4 {[%clk 01:30:57]} {[%emt 00:00:02]} c6 {[%clk 01:30:54]} {[%emt
00:00:07]} 2. d4 {[%clk 01:31:19]} {[%emt 00:00:08]} d5 {[%clk 01:31:15]}
{[%emt 00:00:09]} 3. exd5 {[%clk 01:31:35]} {[%emt 00:00:15]} cxd5 {[%clk
01:31:39]} {[%emt 00:00:07]} 4. Bd3 {[%clk 01:32:02]} {[%emt 00:00:02]} Nc6
{[%clk 01:32:01]} {[%emt 00:00:08]} 5. Nf3 {[%clk 01:32:24]} {[%emt 00:00:08]}
Bg4 {[%clk 01:32:19]} {[%emt 00:00:12]} 6. c3 {[%emt 00:00:15]} Nf6 {[%clk
01:32:30]} {[%emt 00:00:09]} 7. Nbd2 {[%clk 01:33:09]} {[%emt 00:00:09]} e6
{[%clk 01:32:42]} {[%emt 00:00:19]} 8. h3 {[%clk 01:33:24]} {[%emt 00:00:15]}
Bh5 {[%clk 01:32:21]} {[%emt 00:00:50]} 9. Qc2 {[%clk 01:33:31]} {[%emt
00:00:22]} Bd6 {[%clk 01:32:01]} {[%emt 00:00:51]} 10. O-O {[%clk 01:33:14]}
{[%emt 00:00:47]} Rc8 {[%clk 01:31:47]} {[%emt 00:00:44]} 11. a3 {[%clk
01:31:56]} {[%emt 00:01:48]} O-O {[%clk 01:31:57]} {[%emt 00:00:20]} 12. Re1
{[%clk 01:31:57]} {[%emt 00:00:30]} a6 {[%clk 01:30:47]} {[%emt 00:01:40]} 13.
Ne5 {[%clk 01:27:23]} {[%emt 00:05:04]} Nxd4 {[%clk 01:28:58]} {[%emt
00:02:19]} 14. Qa4 {[%clk 01:25:11]} {[%emt 00:02:41]} Nc6 {[%clk 01:26:41]}
{[%emt 00:02:47]} 15. Ndf3 {[%clk 01:20:03]} {[%emt 00:05:38]} Nd7 {[%emt
00:26:53]} 16. Nxd7 {[%clk 01:05:07]} {[%emt 00:06:07]} Qxd7 {[%clk 01:09:49]}
{[%emt 00:00:19]} 17. Bxh7+ {[%clk 01:01:23]} {[%emt 00:04:15]} Kxh7 {[%clk
00:58:09]} {[%emt 00:12:10]} 18. Qh4 {[%clk 01:00:20]} {[%emt 00:01:33]} Kg8
{[%clk 00:57:03]} {[%emt 00:01:36]} 19. Qxh5 {[%clk 01:00:22]} {[%emt
00:00:30]} Be7 {[%clk 00:51:13]} {[%emt 00:06:18]} 20. g4 {[%clk 00:44:31]}
{[%emt 00:16:21]} Rfe8 {[%clk 00:42:22]} {[%emt 00:09:21]} 21. g5 {[%clk
00:40:41]} {[%emt 00:04:20]} g6 {[%clk 00:37:47]} {[%emt 00:05:06]} 22. Qh4
{[%clk 00:32:44]} {[%emt 00:08:17]} Bf8 {[%clk 00:32:08]} {[%emt 00:06:19]} 23.
Nh2 {[%clk 00:31:53]} {[%emt 00:01:21]} Bg7 {[%clk 00:30:21]} {[%emt 00:02:17]}
24. Ng4 {[%clk 00:26:54]} {[%emt 00:05:28]} Ne7 {[%clk 00:28:08]} {[%emt
00:02:44]} 25. Nf6+ {[%clk 00:24:44]} {[%emt 00:02:40]} Bxf6 {[%clk 00:28:27]}
{[%emt 00:00:11]} 26. gxf6 {[%clk 00:25:10]} {[%emt 00:00:04]} Nf5 {[%clk
00:28:48]} {[%emt 00:00:09]} 27. Qg5 {[%clk 00:23:51]} {[%emt 00:01:49]} Kh7
{[%clk 00:21:07]} {[%emt 00:08:11]} 28. Re5 {[%clk 00:20:17]} {[%emt 00:04:04]}
Rh8 {[%clk 00:15:42]} {[%emt 00:05:55]} 29. Rxf5 {[%clk 00:19:55]} {[%emt
00:00:53]} Kg8 {[%clk 00:15:37]} {[%emt 00:00:35]} 30. Rf4 {[%clk 00:19:01]}
{[%emt 00:01:25]} Rh5 {[%clk 00:14:50]} {[%emt 00:01:17]} 31. Qg3 {[%clk
00:18:01]} {[%emt 00:01:14]} Rc4 {[%clk 00:15:00]} {[%emt 00:00:36]} 32. Rxc4
{[%clk 00:16:51]} {[%emt 00:01:39]} dxc4 {[%clk 00:15:25]} {[%emt 00:00:06]}
33. Qb8+ {[%clk 00:15:09]} {[%emt 00:02:12]} Kh7 {[%clk 00:15:44]} {[%emt
00:00:11]} 34. Bf4 {[%clk 00:10:26]} {[%emt 00:05:04]} e5 {[%clk 00:13:12]}
{[%emt 00:03:11]} 35. Qf8 {[%clk 00:09:31]} {[%emt 00:01:25]} 1-0

[Event "Deutsche Ländermeisterschaft 2025"]
[Site "Oer-Erkenschwick GER"]
[Date "2025.10.05"]
[Round "7"]
[White "König, Lian"]
[Black "Blöcher, Mina"]
[Result "1/2-1/2"]
[Termination "normal"]
[Board "9.7"]
[WhiteElo "1482"]
[BlackElo "1571"]
[WhiteClock "00:00:36"]
[BlackClock "00:24:31"]
[WhiteTeam "Mecklenburg-Vorpommern"]
[BlackTeam "Hamburg 2"]
[PlyCount "80"]
[WhiteFideId "34660216"]
[BlackFideId "34663339"]
[EventCountry "GER"]
[EventRounds "7"]
[EventType "team-swiss"]
[EventDate "2025.09.30"]

1. Nf3 {[%clk 01:30:59]} {[%emt 00:00:01]} Nf6 {[%clk 01:30:49]} {[%emt
00:00:11]} 2. g3 {[%clk 01:31:22]} {[%emt 00:00:07]} g6 {[%clk 01:31:14]}
{[%emt 00:00:05]} 3. Bg2 {[%clk 01:31:45]} {[%emt 00:00:07]} Bg7 {[%clk
01:31:34]} {[%emt 00:00:10]} 4. O-O {[%clk 01:32:07]} {[%emt 00:00:08]} O-O
{[%clk 01:32:01]} {[%emt 00:00:03]} 5. d4 {[%clk 01:32:26]} {[%emt 00:00:11]}
d6 {[%clk 01:32:25]} {[%emt 00:00:06]} 6. c4 {[%clk 01:32:46]} {[%emt
00:00:10]} c5 {[%clk 01:32:22]} {[%emt 00:00:33]} 7. Nc3 {[%clk 01:33:04]}
{[%emt 00:00:12]} Nc6 {[%clk 01:32:30]} {[%emt 00:00:22]} 8. e4 {[%clk
01:31:03]} {[%emt 00:02:32]} Bg4 {[%clk 01:29:23]} {[%emt 00:03:36]} 9. Be3
{[%clk 01:28:13]} {[%emt 00:03:20]} Nd7 {[%clk 01:28:18]} {[%emt 00:01:35]} 10.
d5 {[%clk 01:13:29]} {[%emt 00:15:14]} Na5 {[%clk 01:25:37]} {[%emt 00:03:09]}
11. Qa4 {[%clk 01:01:51]} {[%emt 00:12:09]} Bxf3 {[%clk 01:25:10]} {[%emt
00:00:58]} 12. Bxf3 {[%clk 01:01:51]} {[%emt 00:00:31]} Ne5 {[%clk 01:25:22]}
{[%emt 00:00:17]} 13. Be2 {[%clk 01:00:49]} {[%emt 00:01:33]} a6 {[%clk
01:17:33]} {[%emt 00:08:18]} 14. Rac1 {[%clk 00:55:44]} {[%emt 00:05:36]} b6
{[%clk 01:12:33]} {[%emt 00:05:29]} 15. Bd2 {[%clk 00:48:37]} {[%emt 00:07:37]}
e6 {[%clk 01:08:10]} {[%emt 00:04:53]} 16. f4 {[%clk 00:42:49]} {[%emt
00:06:19]} Nd7 {[%clk 01:06:59]} {[%emt 00:01:40]} 17. Qc2 {[%clk 00:41:36]}
{[%emt 00:01:43]} f5 {[%clk 00:59:52]} {[%emt 00:07:38]} 18. dxe6 {[%clk
00:37:50]} {[%emt 00:04:15]} Nf6 {[%clk 00:53:30]} {[%emt 00:06:52]} 19. exf5
{[%clk 00:35:14]} {[%emt 00:03:06]} gxf5 {[%clk 00:44:53]} {[%emt 00:09:06]}
20. Qxf5 {[%clk 00:32:17]} {[%emt 00:03:27]} Nc6 {[%clk 00:43:54]} {[%emt
00:01:28]} 21. Be3 {[%clk 00:26:03]} {[%emt 00:06:45]} Qe7 {[%clk 00:40:27]}
{[%emt 00:03:57]} 22. Bd3 {[%clk 00:23:09]} {[%emt 00:03:24]} Bh8 {[%clk
00:38:25]} {[%emt 00:02:31]} 23. h4 {[%clk 00:15:13]} {[%emt 00:08:27]} Qg7
{[%clk 00:36:55]} {[%emt 00:01:59]} 24. Qg5 {[%clk 00:14:02]} {[%emt 00:01:42]}
Ng4 {[%clk 00:36:01]} {[%emt 00:01:23]} 25. Qxg7+ {[%clk 00:11:49]} {[%emt
00:02:44]} Bxg7 {[%clk 00:35:51]} {[%emt 00:00:39]} 26. Bd2 {[%clk 00:12:02]}
{[%emt 00:00:18]} Nd4 {[%clk 00:34:14]} {[%emt 00:02:06]} 27. Nd5 {[%clk
00:11:05]} {[%emt 00:01:27]} Ra7 {[%clk 00:33:45]} {[%emt 00:00:59]} 28. f5
{[%clk 00:09:51]} {[%emt 00:01:45]} Ne5 {[%clk 00:32:08]} {[%emt 00:02:06]} 29.
e7 {[%clk 00:07:08]} {[%emt 00:03:14]} Re8 {[%clk 00:31:58]} {[%emt 00:00:39]}
30. f6 {[%clk 00:06:59]} {[%emt 00:00:40]} Ndf3+ {[%clk 00:30:32]} {[%emt
00:01:56]} 31. Kg2 {[%clk 00:06:29]} {[%emt 00:01:01]} Nxd2 {[%clk 00:29:35]}
{[%emt 00:01:27]} 32. Rf2 {[%clk 00:06:34]} {[%emt 00:00:26]} Bh6 {[%clk
00:28:23]} {[%emt 00:01:42]} 33. f7+ {[%clk 00:05:07]} {[%emt 00:01:57]} Nxf7
{[%clk 00:28:02]} {[%emt 00:00:51]} 34. Nf6+ {[%clk 00:05:29]} {[%emt
00:00:07]} Kh8 {[%clk 00:27:43]} {[%emt 00:00:49]} 35. Nxe8 {[%clk 00:05:37]}
{[%emt 00:00:23]} Rxe7 {[%clk 00:28:05]} {[%emt 00:00:07]} 36. Nf6 {[%clk
00:05:06]} {[%emt 00:01:02]} Ne5 {[%clk 00:26:17]} {[%emt 00:02:17]} 37. Bb1
{[%clk 00:01:53]} {[%emt 00:03:45]} Ndxc4 {[%clk 00:25:43]} {[%emt 00:01:03]}
38. Re1 {[%clk 00:01:10]} {[%emt 00:01:12]} Rf7 {[%clk 00:24:44]} {[%emt
00:01:29]} 39. b3 {[%clk 00:00:35]} {[%emt 00:01:06]} Ne3+ {[%clk 00:24:31]}
{[%emt 00:00:43]} 40. Kh1 {[%clk 00:00:36]} {[%emt 00:00:29]} Bg7 {[%emt
00:06:50]} 1/2-1/2

[Event "Deutsche Ländermeisterschaft 2025"]
[Site "Oer-Erkenschwick GER"]
[Date "2025.10.05"]
[Round "7"]
[White "Seyedfakhari, Elena"]
[Black "Subocz, Emma"]
[Result "0-1"]
[Termination "normal"]
[Board "9.8"]
[WhiteElo "1469"]
[BlackElo "1569"]
[WhiteClock "01:07:13"]
[BlackClock "00:33:50"]
[WhiteTeam "Hamburg 2"]
[BlackTeam "Mecklenburg-Vorpommern"]
[PlyCount "108"]
[WhiteFideId "34639888"]
[BlackFideId "41805666"]
[EventCountry "GER"]
[EventRounds "7"]
[EventType "team-swiss"]
[EventDate "2025.09.30"]

1. e4 {[%clk 01:30:59]} {[%emt 00:00:01]} c5 {[%clk 01:30:50]} {[%emt
00:00:10]} 2. c3 {[%clk 01:31:03]} {[%emt 00:00:26]} d5 {[%clk 01:31:06]}
{[%emt 00:00:14]} 3. exd5 {[%clk 01:31:09]} {[%emt 00:00:24]} Qxd5 {[%clk
01:31:22]} {[%emt 00:00:15]} 4. d4 {[%clk 01:30:34]} {[%emt 00:01:04]} Nf6
{[%clk 01:29:12]} {[%emt 00:02:39]} 5. Nf3 {[%clk 01:29:53]} {[%emt 00:01:12]}
cxd4 {[%clk 01:27:23]} {[%emt 00:02:19]} 6. cxd4 {[%clk 01:29:01]} {[%emt
00:01:22]} Nc6 {[%clk 01:26:53]} {[%emt 00:01:00]} 7. Nc3 {[%clk 01:28:36]}
{[%emt 00:00:54]} Qd6 {[%clk 01:24:06]} {[%emt 00:03:17]} 8. Nb5 {[%clk
01:26:24]} {[%emt 00:02:41]} Qb8 {[%clk 01:20:34]} {[%emt 00:04:03]} 9. g3
{[%clk 01:25:38]} {[%emt 00:01:16]} Nd5 {[%clk 01:14:00]} {[%emt 00:07:05]} 10.
Bc4 {[%clk 01:25:26]} {[%emt 00:00:43]} a6 {[%clk 01:12:29]} {[%emt 00:02:01]}
11. Bxd5 {[%clk 01:24:18]} {[%emt 00:01:37]} axb5 {[%clk 01:12:22]} {[%emt
00:00:39]} 12. Qb3 {[%clk 01:23:51]} {[%emt 00:00:53]} e6 {[%clk 01:12:18]}
{[%emt 00:00:37]} 13. Be4 {[%clk 01:22:27]} {[%emt 00:01:52]} Bb4+ {[%clk
01:10:22]} {[%emt 00:02:28]} 14. Bd2 {[%clk 01:21:49]} {[%emt 00:01:08]} Bxd2+
{[%clk 01:10:26]} {[%emt 00:00:27]} 15. Nxd2 {[%clk 01:21:27]} {[%emt
00:00:50]} Nxd4 {[%clk 01:10:36]} {[%emt 00:00:21]} 16. Qb4 {[%clk 01:19:08]}
{[%emt 00:02:38]} Qe5 {[%clk 01:07:55]} {[%emt 00:03:21]} 17. O-O {[%clk
01:18:33]} {[%emt 00:01:05]} Ra4 {[%clk 01:03:25]} {[%emt 00:05:01]} 18. Nc4
{[%clk 01:13:09]} {[%emt 00:05:53]} Qxe4 {[%clk 01:01:33]} {[%emt 00:02:22]}
19. Nd6+ {[%clk 01:11:27]} {[%emt 00:02:12]} Kd8 {[%clk 01:01:25]} {[%emt
00:00:38]} 20. Nxe4 {[%clk 01:09:54]} {[%emt 00:02:02]} Rxb4 {[%clk 01:01:37]}
{[%emt 00:00:20]} 21. Rfd1 {[%clk 01:08:49]} {[%emt 00:01:30]} Ke7 {[%clk
00:59:48]} {[%emt 00:02:23]} 22. a3 {[%clk 01:08:13]} {[%emt 00:01:07]} Ne2+
{[%clk 00:59:13]} {[%emt 00:01:05]} 23. Kf1 {[%clk 01:08:11]} {[%emt 00:00:31]}
Rxe4 {[%clk 00:59:23]} {[%emt 00:00:21]} 24. Re1 {[%clk 01:08:03]} {[%emt
00:00:34]} Nxg3+ {[%clk 00:57:36]} {[%emt 00:02:20]} 25. hxg3 {[%clk 01:07:59]}
{[%emt 00:00:34]} Rxe1+ {[%emt 00:00:18]} 26. Rxe1 {[%clk 01:08:07]} {[%emt
00:00:21]} Rd8 {[%clk 00:57:53]} {[%emt 00:00:27]} 27. b4 {[%clk 01:07:27]}
{[%emt 00:01:11]} Rd3 {[%clk 00:57:01]} {[%emt 00:01:21]} 28. Ra1 {[%clk
01:07:28]} {[%emt 00:00:29]} f5 {[%clk 00:56:16]} {[%emt 00:01:15]} 29. Rc1
{[%clk 01:07:15]} {[%emt 00:00:40]} Kd7 {[%clk 00:53:10]} {[%emt 00:03:38]} 30.
Ra1 {[%clk 01:07:10]} {[%emt 00:00:35]} Kd6 {[%clk 00:52:00]} {[%emt 00:01:41]}
31. Ke2 {[%clk 01:07:02]} {[%emt 00:00:37]} Rd4 {[%clk 00:48:43]} {[%emt
00:03:47]} 32. Ke3 {[%clk 01:06:36]} {[%emt 00:00:56]} Re4+ {[%clk 00:47:18]}
{[%emt 00:01:55]} 33. Kf3 {[%clk 01:06:30]} {[%emt 00:00:34]} b6 {[%clk
00:45:51]} {[%emt 00:02:00]} 34. Rd1+ {[%clk 01:06:39]} {[%emt 00:00:21]} Ke5
{[%clk 00:41:04]} {[%emt 00:05:17]} 35. Rd8 {[%clk 01:06:20]} {[%emt 00:00:48]}
Rc4 {[%clk 00:40:27]} {[%emt 00:01:08]} 36. Rg8 {[%clk 01:05:59]} {[%emt
00:00:49]} Kf6 {[%clk 00:40:33]} {[%emt 00:00:26]} 37. Rd8 {[%clk 01:06:05]}
{[%emt 00:00:21]} Rc3+ {[%clk 00:35:55]} {[%emt 00:05:12]} 38. Kg2 {[%clk
01:06:02]} {[%emt 00:00:32]} Bb7+ {[%clk 00:33:28]} {[%emt 00:02:57]} 39. Rd5
{[%clk 01:08:33]} {[%emt 00:02:26]} Bxd5+ {[%clk 00:33:20]} {[%emt 00:00:37]}
40. Kg1 {[%clk 01:08:47]} {[%emt 00:00:15]} g5 {[%clk 00:33:23]} {[%emt
00:00:27]} 41. Kf1 {[%clk 01:08:20]} {[%emt 00:00:57]} h5 {[%clk 00:33:13]}
{[%emt 00:00:40]} 42. Ke1 {[%clk 01:07:27]} {[%emt 00:01:23]} h4 {[%clk
00:33:12]} {[%emt 00:00:32]} 43. gxh4 {[%clk 01:07:30]} {[%emt 00:00:27]} gxh4
{[%clk 00:33:29]} {[%emt 00:00:13]} 44. Kf1 {[%clk 01:07:34]} {[%emt 00:00:23]}
h3 {[%clk 00:33:54]} {[%emt 00:00:07]} 45. Kg1 {[%clk 01:07:09]} {[%emt
00:00:48]} Rc1+ {[%clk 00:33:52]} {[%emt 00:00:39]} 46. Kh2 {[%clk 01:07:19]}
{[%emt 00:00:19]} Rh1+ {[%clk 00:33:50]} {[%emt 00:00:34]} 47. Kg3 {[%clk
01:07:35]} {[%emt 00:00:15]} f4+ {[%clk 00:33:18]} {[%emt 00:01:02]} 48. Kxf4
{[%clk 01:07:13]} {[%emt 00:00:52]} Rg1 {[%clk 00:33:34]} {[%emt 00:00:12]} 49.
f3 {[%clk 01:07:30]} {[%emt 00:00:13]} h2 {[%clk 00:33:16]} {[%emt 00:00:49]}
50. Ke3 {[%clk 01:07:28]} {[%emt 00:00:32]} h1=Q {[%clk 00:33:29]} {[%emt
00:00:17]} 51. Kd3 {[%clk 01:07:18]} {[%emt 00:00:40]} Qxf3+ {[%clk 00:33:28]}
{[%emt 00:00:31]} 52. Kd2 {[%clk 01:07:04]} {[%emt 00:00:44]} Rg2+ {[%clk
00:33:44]} {[%emt 00:00:15]} 53. Ke1 {[%clk 01:07:15]} {[%emt 00:00:18]} Bc4
{[%clk 00:33:25]} {[%emt 00:00:49]} 54. a4 {[%clk 01:07:13]} {[%emt 00:00:32]}
Qf1# {[%clk 00:33:50]} {[%emt 00:00:05]} 0-1